Quiz o RPA - Statystyki

Ogólne statystyki
  • Ten quiz został rozwiązany 23 razy
  • Średni wynik to 2 z 19
Statystyki odpowiedzi
wskazówka odpowiedź % Poprawnych
stolica kapsztad/cape town
95%
największe miasto johannesburg
77%
Kod ISO 3166 ZA
9%
prezydent Cyril Ramaphosa
5%
powieszchnia 1 219 090 km²
0%
data powstania 31 maja 1910
0%
PKB na mieszkańca 6 485
0%
język urzędowy afrikaans, angielski, xhosa, ndebele, pedi, soto, suazi, tsonga, tswana, venda, zulu
0%
religia chreścijanstwo
0%
Podział administracyjny Gauteng (Johannesburg)
0%
Podział administracyjny KwaZulu-Natal (Pietermaritzburg)
0%
Podział administracyjny Limpopo (Polokwane)
0%
Podział administracyjny Mpumalanga (Nelspruit)
0%
podział administracyjny Prowincja Północno-Zachodnia (Mafeking)
0%
podział administracyjny Prowincja Przylądkowa Północna (Kimberley)
0%
Podział administracyjny Prowincja Przylądkowa Wschodnia (Bisho)
0%
podział administracyjne Prowincja Przylądkowa Zachodnia (Kapsztad)
0%
Waluta rand(ZAR)
0%
Podział administracyjny Wolne Państwo (Bloemfontein)
0%
Nie znaleziono quizów pasujących do podanych kryteriów
Rozkład punktacji
Procent ludzi z każdym wynikiem
Percentyl według liczby udzielonych odpowiedzi
Twoja historia wyników
Nie rozwiązałeś tego quizu